• 首页
  • 本馆介绍
  • 公告通知
  • 最新文献
  • 馆藏检索
  • 电子资源
  • 读者导购
  • 参考咨询
  • 我的图书馆
  • 登录
  • 详细信息显示
  • 放入我的书架
  • 预约/预借图书
  • 作者相关作品
  • 分类相关作品
  • 丛书相关作品
  • 出版社相关作品

书目信息

  • 表格格式
  • 工作单格式
  • 卡片格式
书名: African civilizations
作者: Graham Connah ; drawings by Douglas Hobbs
分册号:
分册名:
出版地: Cambridge [Cambridgeshire] ;
 
出版社: Cambridge University Press
出版时间: 1987.
页数: xi, 259 p. :
开本: 26 cm.
丛书名:
中图分类号:
科图分类号:
其他分类号: K400.3
主题词:
电子资源:
000 01226nam 2200337 a 4500
001 E0760411164
003 DLC
005 20070322165238.20
008 uu
008 00110 eng
010    @a86032745 //r972
020    @a0521319927 (pbk.).
020    @a0521266661.
040    @aDLC @cDLC @dDLC
043    @afb-----
049    @aN5LA
050 00 @aDT352.3 @b.C66 1987
082 00 @a967 @219
090    @aK400.3
099    @dK400.3@ex1
100 10 @aConnah, Graham.
245 10 @aAfrican civilizations :@bprecolonial cities and states in tropical Africa : an archaeological perspective / @cGraham Connah ; drawings by Douglas Hobbs
260 0  @aCambridge [Cambridgeshire] ;@aNew York :@bCambridge University Press,@c1987.
300    @axi, 259 p. :@bill. ;@c26 cm.
500    @aIncludes index.
504    @aBibliography: p. 233-252.
650  0 @aExcavations (Archaeology) @zAfrica, Sub-Saharan. @b00 @c20020930 @lNLC09 @h2249 @b00 @c20021019 @lNLC09 @h1703 @lNLC09 @h2338 @lNLC09 @h1930
650  0 @aPrehistoric peoples @zAfrica, Sub-Saharan.
651  0 @aAfrica, Sub-Saharan @xCivilization.
651  0 @aAfrica, Sub-Saharan @xAntiquities.
852 9  @bWWJC @cJ08N @k2-88 @hK400.3 @iC75
    
    African civilizations : : precolonial cities and states in tropical Africa : an archaeological perspective / / Graham Connah ; drawings by Douglas Hobbs.-Cambridge [Cambridgeshire] ; ; New York : : Cambridge University Press, , 1987.
    xi, 259 p. : : ill. ; ; 26 cm.
    Includes index.-Bibliography: p. 233-252.
    
    ISBN 0521319927 (pbk.).
    
●
相关链接 在E读中查询图书 在五车中查询图书 在当当中查询图书 在豆瓣中查询图书


正题名:African civilizations     索取号:K400.3/x1         预约/预借

序号 登录号 条形码 馆藏地/架位号 状态 备注
1 0003636   300036360   第二样本阅览室/ [索取号:K400.3/x1] 在馆    
2 0003637   300036379   第四借阅区/ [索取号:K400.3/x1] 在馆    
3 0003638   300036388   第四借阅区/ [索取号:K400.3/x1] 在馆    
4 0003639   300036397   第四借阅区/ [索取号:K400.3/x1] 在馆    
唐山师范学院图书馆 欢迎您!
大连网信软件有限公司© 版权所有